| 000 | 00506nam a2200193Ia 4500 | ||
|---|---|---|---|
| 005 | 20260429112159.0 | ||
| 008 | 260429s9999||||xx |||||||||||||| ||und|| | ||
| 020 | _a9789386677761 | ||
| 041 | _aEnglish | ||
| 082 |
_a338.9 _bPAN |
||
| 100 | _aPandey, Shivesh | ||
| 245 | 0 |
_aEconomic aspects of quality of life / _cShivesh Pandey |
|
| 250 | _a1st ed. | ||
| 260 |
_aNew Delhi : _bManakin Press, _c2026. |
||
| 300 | _axxi, 164 p.; hb | ||
| 650 | _a Quality of life | ||
| 650 | _aEconomic | ||
| 942 | _cTB | ||
| 999 |
_c52761 _d52761 |
||